| 000 | 00330nam a2200133Ia 4500 | ||
|---|---|---|---|
| 005 | 20260326100038.0 | ||
| 008 | 260326s9999||||xx |||||||||||||| ||und|| | ||
| 100 | _aWigginton, Michael | ||
| 245 | 0 |
_aGlass in Architecture / _cMichael Wigginton |
|
| 260 | _bPhaidon | ||
| 300 | _a319 p. | ||
| 650 | _aARQUITECTURA CIVIL | ||
| 942 | _cBK | ||
| 999 |
_c6911 _d6911 |
||